Coastline portuguese districts - Statistics

General Stats
  • This quiz has been taken 17 times
  • The average score is 8 of 11
Answer Stats
Beaches Districts % Correct
Costa da Caparica Lisboa
100%
Praia da Memória Porto
100%
Praia de Esposende Braga
86%
Praia de Mira Coimbra
86%
Praia da Ilha da Culatra Faro (Algarve)
86%
Praia da Barra Aveiro
71%
Praia da Nazaré Leiria
71%
Praia da Zambujeira do Mar Beja
57%
Praia da Figueirinha Setúbal
57%
Praia de Caminha Viana do Castelo
57%
Praia Fluvial de Dornes Santarém
43%
No matching quizzes found
Score Distribution
Percent of People with Each Score
Percentile by Number Answered
Your Score History
You have not taken this quiz